Every Single CS:GO Major Team - Statistics

General Stats
  • This quiz has been taken 77 times
    56 since last reset
  • The average score is 257 of 368
Answer Stats
Placement lol Answer Country/Region % Correct
5th 1 FaZe Clan International
100%
16th 2 FaZe Clan International
100%
1st 3 FaZe Clan International
100%
11th 4 FaZe Clan Europe
100%
13th 5 FaZe Clan Europe
100%
5th 6 FaZe Clan Europe
100%
8th 7 FaZe Clan Europe
100%
2nd 8 FaZe Clan Europe
100%
15th 9 FaZe Clan Europe
100%
8th 10 FaZe Clan Europe
100%
12th 11 FaZe Clan Germany
100%
10th 12 FaZe Clan Europe
100%
10th 1 Fnatic Europe
100%
6th 2 Fnatic Europe
100%
20th 6 Fnatic Sweden
100%
10th 7 Fnatic Sweden
100%
8th 8 Fnatic Sweden
100%
5th 9 Fnatic Sweden
100%
3rd 10 Fnatic Sweden
100%
4th 11 Fnatic Sweden
100%
6th 12 Fnatic Sweden
100%
5th 13 Fnatic Sweden
100%
1st 14 Fnatic Sweden
100%
1st 15 Fnatic Sweden
100%
7th 16 Fnatic Sweden
100%
2nd 17 Fnatic Sweden
100%
8th 18 Fnatic Sweden
100%
1st 19 Fnatic Sweden
100%
9th 1 Natus Vincere Ukraine
100%
7th 2 Natus Vincere Ukraine
100%
2nd 3 Natus Vincere Ukraine
100%
1st 4 Natus Vincere CIS
100%
7th 5 Natus Vincere CIS
100%
3rd 6 Natus Vincere Ukraine
100%
2nd 7 Natus Vincere Ukraine
100%
3rd 8 Natus Vincere Ukraine
100%
12th 9 Natus Vincere Ukraine
100%
5th 10 Natus Vincere Ukraine
100%
7th 11 Natus Vincere Ukraine
100%
2nd 12 Natus Vincere Ukraine
100%
2nd 13 Natus Vincere Ukraine
100%
5th 14 Natus Vincere Ukraine
100%
7th 15 Natus Vincere Ukraine
100%
4th 16 Natus Vincere Ukraine
100%
5th 17 Natus Vincere Ukraine
100%
16th 18 Natus Vincere Ukraine
100%
13th 19 Natus Vincere Ukraine
100%
11th 1 Ninjas in Pyjamas Europe
97%
15th 2 Ninjas in Pyjamas Sweden
97%
6th 3 Ninjas in Pyjamas Sweden
97%
8th 4 Ninjas in Pyjamas Sweden
97%
15th 5 Ninjas in Pyjamas Sweden
97%
8th 6 Ninjas in Pyjamas Sweden
97%
9th 7 Ninjas in Pyjamas Sweden
97%
10th 11 Ninjas in Pyjamas Sweden
97%
5th 12 Ninjas in Pyjamas Sweden
97%
4th 13 Ninjas in Pyjamas Sweden
97%
7th 14 Ninjas in Pyjamas Sweden
97%
2nd 15 Ninjas in Pyjamas Sweden
97%
2nd 16 Ninjas in Pyjamas Sweden
97%
1st 17 Ninjas in Pyjamas Sweden
97%
2nd 18 Ninjas in Pyjamas Sweden
97%
2nd 19 Ninjas in Pyjamas Sweden
97%
7th 4 Virtus.Pro Kazakhstan
97%
24th 7 Virtus.Pro Poland
97%
16th 8 Virtus.Pro Poland
97%
4th 9 Virtus.Pro Poland
97%
2nd 10 Virtus.Pro Poland
97%
3rd 11 Virtus.Pro Poland
97%
8th 12 Virtus.Pro Poland
97%
6th 13 Virtus.Pro Poland
97%
4th 14 Virtus.Pro Poland
97%
3rd 15 Virtus.Pro Poland
97%
3rd 16 Virtus.Pro Poland
97%
7th 17 Virtus.Pro Poland
97%
1st 18 Virtus.Pro Poland
97%
18th 3 Astralis Denmark
93%
12th 4 Astralis Denmark
93%
1st 5 Astralis Denmark
93%
1st 6 Astralis Denmark
93%
1st 7 Astralis Denmark
93%
13th 8 Astralis Denmark
93%
3rd 9 Astralis Denmark
93%
1st 10 Astralis Denmark
93%
5th 11 Astralis Denmark
93%
3rd 12 Astralis Denmark
93%
7th 1 Team Liquid United States
93%
10th 2 Team Liquid United States
93%
16th 3 Team Liquid United States
93%
14th 4 Team Liquid United States
93%
8th 5 Team Liquid United States
93%
6th 6 Team Liquid United States
93%
4th 7 Team Liquid Americas
93%
14th 8 Team Liquid United States
93%
11th 10 Team Liquid United States
93%
2nd 11 Team Liquid United States
93%
4th 12 Team Liquid United States
93%
15th 13 Team Liquid United States
93%
1st 1 Team Vitality International
93%
12th 2 Team Vitality International
93%
10th 3 Team Vitality France
93%
5th 4 Team Vitality France
93%
6th 5 Team Vitality France
93%
9th 6 Team Vitality France
93%
5th 2 Cloud9 Russia
90%
13th 3 Cloud9 Russia
90%
10th 6 Cloud9 United States
90%
13th 7 Cloud9 United States
90%
1st 8 Cloud9 United States
90%
9th 9 Cloud9 United States
90%
16th 12 Cloud9 United States
90%
9th 13 Cloud9 United States
90%
10th 14 Cloud9 United States
90%
12th 15 Cloud9 United States
90%
9th 16 Cloud9 United States
90%
8th 17 Cloud9 United States
90%
3rd 1 Heroic Denmark
90%
2nd 2 Heroic Denmark
90%
8th 3 Heroic Denmark
90%
4th 4 Heroic Denmark
90%
21st 1 The MongolZ Mongolia
90%
3rd 4 Gambit Esports Russia
86%
21st 7 Gambit Esports Kazakhstan
86%
9th 8 Gambit Esports Kazakhstan
86%
1st 9 Gambit Esports Kazakhstan
86%
6th 10 Gambit Esports Kazakhstan
86%
8th 11 Gambit Esports Kazakhstan
86%
11th 12 Gambit Esports Kazakhstan
86%
23rd 1 MOUZ International
86%
4th 2 MOUZ International
86%
13th 4 MOUZ Europe
86%
9th 5 MOUZ Europe
86%
16th 7 MOUZ Europe
86%
5th 8 MOUZ Europe
86%
13th 9 MOUZ Europe
86%
14th 10 MOUZ Europe
86%
11th 11 MOUZ Europe
86%
9th 12 MOUZ Germany
86%
10th 13 MOUZ Germany
86%
16th 14 MOUZ Germany
86%
13th 18 MOUZ Germany
86%
11th 2 BIG Germany
83%
12th 3 BIG Germany
83%
17th 4 BIG Germany
83%
15th 6 BIG Germany
83%
6th 7 BIG Germany
83%
12th 8 BIG Germany
83%
7th 9 BIG Germany
83%
14th 1 G2 Esports Europe
83%
9th 3 G2 Esports Europe
83%
2nd 4 G2 Esports Europe
83%
10th 5 G2 Esports France
83%
13th 6 G2 Esports France
83%
11th 7 G2 Esports France
83%
7th 8 G2 Esports France
83%
11th 9 G2 Esports France
83%
13th 10 G2 Esports France
83%
16th 11 G2 Esports France
83%
12th 12 G2 Esports France
83%
3rd 13 G2 Esports Europe
83%
5th 3 FURIA Brazil
79%
6th 4 FURIA Brazil
79%
20th 5 FURIA Brazil
79%
22nd 6 FURIA Brazil
79%
16th 1 FURIA Esports Brazil
79%
3rd 2 FURIA Esports Brazil
79%
1st 2 Outsiders Russia
79%
14th 3 Outsiders Kazakhstan
79%
20th 8 Team Envy France
79%
9th 10 Team Envy France
79%
15th 11 Team Envy France
79%
15th 12 Team Envy France
79%
1st 13 Team Envy France
79%
2nd 14 Team Envy France
79%
4th 15 Team Envy France
79%
1st 16 Team LDLC France
79%
4th 17 Team LDLC France
79%
7th 18 Team LDLC France
79%
19th 3 MIBR Brazil
76%
12th 5 MIBR Brazil
76%
4th 6 MIBR Brazil
76%
3rd 7 MIBR Brazil
76%
24th 3 Renegades Australia
76%
21st 4 Renegades Australia
76%
3rd 5 Renegades Australia
76%
7th 6 Renegades Australia
76%
20th 7 Renegades Australia
76%
18th 8 Renegades Australia
76%
11th 14 Renegades Australia
76%
22nd 4 TYLOO China
76%
23rd 5 TYLOO China
76%
17th 6 TYLOO China
76%
14th 7 TYLOO China
76%
12th 1 ENCE International
72%
9th 2 ENCE Europe
72%
4th 3 ENCE International
72%
16th 4 ENCE Europe
72%
5th 5 ENCE Finland
72%
2nd 6 ENCE Finland
72%
11th 13 Titan France
72%
15th 14 Titan France
72%
14th 15 Titan France
72%
12th 17 Titan France
72%
9th 18 Titan France
72%
2nd 1 GamerLegion Europe
69%
6th 1 Monte Ukraine
69%
19th 1 paiN Gaming Brazil
69%
20th 4 paiN Gaming Brazil
69%
4th 8 SK Gaming Brazil
69%
6th 9 SK Gaming Brazil
69%
4th 10 SK Gaming Brazil
69%
1st 11 SK Gaming Brazil
69%
16th 19 SK Gaming Sweden
69%
17th 2 Team GamerLegion Europe
69%
8th 2 Team Spirit Russia
69%
3rd 3 Team Spirit Russia
69%
18th 4 Team Spirit Russia
69%
23rd 6 Team Spirit Russia
69%
17th 7 Team Spirit Russia
69%
2nd 5 AVANGAR Kazakhstan
66%
11th 6 AVANGAR Kazakhstan
66%
17th 8 AVANGAR Kazakhstan
66%
13th 1 Bad News Eagles Kosovo
66%
13th 2 Bad News Eagles Kosovo
66%
15th 3 Bad News Eagles Kosovo
66%
20th 1 Complexity Gaming International
66%
20th 3 Complexity Gaming United States
66%
22nd 5 Complexity Gaming United States
66%
14th 6 Complexity Gaming United States
66%
5th 7 Complexity Gaming United States
66%
5th 18 Complexity Gaming United States
66%
4th 19 Complexity Gaming United States
66%
8th 1 Into The Breach United Kingdom
66%
16th 15 3DMAX Finland
62%
10th 18 3DMAX Denmark
62%
18th 1 Grayhound Gaming Australia
62%
20th 2 Grayhound Gaming Australia
62%
18th 5 Grayhound Gaming Australia
62%
24th 6 Grayhound Gaming Australia
62%
24th 2 Imperial Esports Brazil
62%
11th 3 Imperial Esports Brazil
62%
1st 12 Luminosity Gaming Brazil
62%
8th 13 Luminosity Gaming Brazil
62%
8th 14 Luminosity Gaming Brazil
62%
15th 1 9INE Poland
59%
9th 11 Team Dignitas Denmark
59%
16th 13 Team Dignitas Denmark
59%
8th 16 Team Dignitas Denmark
59%
3rd 17 Team Dignitas Denmark
59%
3rd 18 Team Dignitas Denmark
59%
4th 1 Apeks Europe
55%
14th 16 Copenhagen Wolves Denmark
55%
10th 17 Copenhagen Wolves Denmark
55%
6th 19 Copenhagen Wolves Denmark
55%
23rd 8 Flipsid3 Tactics Russia
55%
10th 9 Flipsid3 Tactics Russia
55%
15th 10 Flipsid3 Tactics Russia
55%
6th 11 Flipsid3 Tactics Ukraine
55%
13th 12 Flipsid3 Tactics Ukraine
55%
14th 13 Flipsid3 Tactics Ukraine
55%
12th 14 Flipsid3 Tactics Ukraine
55%
13th 15 Flipsid3 Tactics Ukraine
55%
12th 16 Flipsid3 Tactics Sweden
55%
2nd 9 Immortals Brazil
55%
14th 5 North Denmark
55%
19th 7 North Denmark
55%
15th 8 North Denmark
55%
8th 9 North Denmark
55%
7th 10 North Denmark
55%
21st 3 Eternal Fire Turkey
52%
10th 16 iBUYPOWER United States
52%
11th 17 iBUYPOWER United States
52%
15th 18 iBUYPOWER United States
52%
14th 19 iBUYPOWER United States
52%
11th 18 Reason Gaming Denmark
52%
12th 19 Reason Gaming Denmark
52%
23rd 7 Space Soldiers Turkey
52%
11th 8 Space Soldiers Turkey
52%
4th 5 NRG Esports United States
48%
16th 6 NRG Esports United States
48%
6th 8 Quantum Bellator Fire Russia
48%
7th 13 Team SoloMid Denmark
48%
3rd 14 Team SoloMid Denmark
48%
8th 15 Team SoloMid Denmark
48%
23rd 4 GODSENT Brazil
45%
10th 10 GODSENT Sweden
45%
22nd 2 IHC Esports Mongolia
45%
22nd 3 IHC Esports Mongolia
45%
3rd 19 VeryGames France
45%
Disqualified 8 100Thieves Brazil
41%
7th 3 Copenhagen Flames Denmark
41%
10th 4 Copenhagen Flames Denmark
41%
21st 2 Evil Geniuses International
41%
15th 4 Evil Geniuses United States
41%
21st 5 HellRaisers Europe
41%
12th 6 HellRaisers Europe
41%
7th 7 HellRaisers Europe
41%
16th 10 HellRaisers Europe
41%
15th 15 HellRaisers Russia
41%
5th 16 HellRaisers Ukraine
41%
9th 17 HellRaisers Europe
41%
6th 18 HellRaisers Europe
41%
18th 7 OpTic Gaming Denmark
41%
12th 10 OpTic Gaming North America
41%
14th 11 OpTic Gaming Canada
41%
13th 11 Counter Logic Gaming United States
38%
7th 12 Counter Logic Gaming United States
38%
12th 13 Counter Logic Gaming United States
38%
9th 14 Counter Logic Gaming United States
38%
11th 15 Counter Logic Gaming United States
38%
24th 1 Fluxo Brazil
38%
17th 1 FORZE Esports Russia
38%
17th 3 FORZE Esports Russia
38%
17th 5 FORZE Esports Russia
38%
19th 4 Movistar Riders Spain
38%
22nd 1 OG International
38%
18th 2 OG International
38%
14th 2 Sprout Europe
38%
19th 8 Sprout Germany
38%
10th 15 LGB Esports Norway
34%
4th 18 LGB Esports Sweden
34%
5th 19 LGB Esports Sweden
34%
14th 9 PENTA Sports Europe
34%
5th 15 PENTA Sports Germany
34%
6th 16 PENTA Sports Germany
34%
24th 4 Sharks Brazil
34%
21st 6 Vega Squadron Russia
34%
12th 7 Vega Squadron Russia
34%
10th 8 Vega Squadron Russia
34%
16th 9 Vega Squadron Russia
34%
19th 2 9z Team South America
31%
23rd 3 9z Team South America
31%
6th 14 Team Kinguin Europe
31%
13th 13 Vexed Gaming Poland
31%
19th 6 Winstrike Team Russia
31%
15th 7 Winstrike Team Russia
31%
6th 15 Keyd Stars Brazil
28%
14th 17 London Conspiracy Norway
28%
18th 6 ViCi Gaming China
28%
9th 15 Vox Eminor Australia
28%
16th 17 Vox Eminor Australia
28%
14th 18 Vox Eminor Australia
28%
8th 19 Astana Dragons Europe
24%
9th 4 Entropiq Russia
24%
21st 8 Misfits Gaming United States
24%
12th 18 Clan-Mystik France
21%
9th 19 Clan-Mystik France
21%
11th 5 CR4ZY Serbia
21%
15th 17 dAT Team Russia
21%
22nd 8 Flash Gaming China
21%
24th 5 INTZ eSports Brazil
21%
13th 17 MTS GameGod Wolf India
21%
11th 19 n!faculty Denmark
21%
10th 19 Universal Soldiers Poland
21%
23rd 2 00 Nation Brazil
17%
13th 16 Bravado Gaming South Africa
17%
6th 17 Epsilon Esports France
17%
11th 16 ESC Gaming Poland
17%
22nd 7 Rogue United States
17%
19th 5 Syman Gaming Kazakhstan
17%
15th 19 Xapso Europe
17%
16th 5 DreamEaters Russia
14%
16th 16 myXMG Denmark
14%
14th 12 Splyce United States
14%
13th 14 Team eBettle Poland
14%
15th 16 Planetkey Dynamics Germany
10%
7th 19 Recursive Esports France
10%
14th 14 Team Immunity Australia
7%
No matching quizzes found
Score Distribution
Percent of People with Each Score
Percentile by Number Answered
Your Score History
You have not taken this quiz since the last reset